Every Major Life Series Alliances, Factions, Teams, and Groups - Statistics

General Stats
  • This quiz has been taken 26 times
  • The average score is 19 of 51
Answer Stats
Hint Answer % Correct
Joel, Grian, and Jimmy (and Judge Judy) Bad Boys
87%
Grian, Impulse, M-AHA-rtyn, Mumbo, and Jimmy The Southlands
87%
Grian and Scar (and Pizza the Llama) Desert Duo
80%
Ren, Martyn, BigB, Skizz Red Army
80%
BDubs, Cleo, Impulse, Tango, Etho The Crastle
80%
Jimmy and Scott Flower Husbands
73%
BDubs, Etho, Skizz, Tango Team B.E.S.T.
73%
Lizzie, BigB, Cleo, and Ren Fairy Alliance
60%
Joel and Scar Magical Mountain
60%
Scott and Martyn Mean Gills
60%
Grian, Mumbo, and Skizz Spanners
60%
Tango and Jimmy Ranchers
53%
Gem, Grian, and Pearl The Villies
53%
Jimmy, Scar, and Lizzie Bamboozlers
47%
Scott, Scar, Etho, and BDubs Cabin Core
47%
Cleo, Scar, and BDubs (and Gem in one episode) Clockers
47%
Gem, Impulse, and Scott Gem and the Scotts
47%
Pearl, Joel, BDubs, and Mumbo Mounders
47%
Joel, Skizz, BigB, and Jimmy Rejects
47%
Tango, Impulse, Etho, and Skizz Team T.I.E.S.
47%
Joel and Gem The Family
47%
Etho and Joel The Relationship
47%
Jimmy and Martyn Big Dogs
40%
Pearl, Cleo, Scott, and Martyn Divorce Qaurtet
40%
Ren, Tango, and Impulse Gluten Guys
40%
Skizz, BigB, and Tango (and Ren that one episode) Heart Foundation
40%
Martyn and Cleo Lost Generation
40%
Pearl and BigB (and Lizzie in one episode) Nosey Neighbors
40%
Pearl and Scott (and Binkie) The Scottage
40%
BigB and Ren Box Boys
33%
Joel Dead Bush Hill
33%
Etho, Cleo, and their adopted son Grian Roomies
33%
Scar Trader Scars
33%
BDubs, Etho, and Tango Tuff Guys
33%
BDubs and Impulse Homewreckers
27%
Ren and Martyn RenWood Mound
27%
Scar, Cleo, and Tango Fishers
20%
Grian and Scar (and the Jellie Pandas) The Red Velvet Keep
20%
BigB, Gem, Martyn, Pearl, Skizz, and Jimmy Pondcast
13%
BDubs, Grian, Joel, and Scott Dirt Fortress
7%
Cleo, Scott, and Pearl Gaslight Gatekeep Girlboss 2
7%
Gem and BigB Gem and BigB
7%
Lizzie NO TEAM
7%
Ren NO TEAM
7%
BDubs, Skizz, Impulse, and Scar NO TEAM
7%
Joel, Jimmy, BigB, and Scott Red Village Alliance
7%
Gem, Grian, Cleo, Martyn, and Ren Red Winter Alliance
7%
Impulse, Scott, Pearl, Cleo, and BigB The 4 G's and Their Creaking Neighbor
7%
Grian, Impulse, Jimmy, and Joel The Club
7%
Ren, Martyn, and Skizz Dogwarts 2
0%
Ren, Pearl, and Cleo Purple Defense Squad
0%
No matching quizzes found
Score Distribution
Percent of People with Each Score
Percentile by Number Answered
Your Score History
You have not taken this quiz